|
|
|
|
| LEADER |
01612njm a2200361 a 4500 |
| 001 |
000390495 |
| 003 |
CZ BrMZK |
| 005 |
20090622142638.0 |
| 008 |
990305s1994 xr f eng d |
| 028 |
0 |
3 |
|a ROY 6450
|b Disky Communications Europe
|
| 040 |
|
|
|a BOA001
|b cze
|
| 080 |
|
|
|a 787.5:785.6"17"(086.7)
|2 MRF
|
| 080 |
|
|
|a 788.5:785.6"17"(086.7)
|2 MRF
|
| 100 |
1 |
|
|a Mozart, Wolfgang Amadeus,
|d 1756-1791
|7 jn19990005867
|4 cmp
|
| 245 |
1 |
0 |
|a Flute concerto No. 1 in G major, K.313 ;
|b Concerto for flute, harp and orchestra in C major, K. 299
|h [zvukový záznam] /
|c Wolfgang Amadeus Mozart.
|
| 260 |
|
|
|a [S.l.] (Disky Communications Europe)
|c p1994
|
| 300 |
|
|
|a 1 CD ;
|c 12 cm +
|e 1 složený list.
|
| 306 |
|
|
|a 005655
|
| 500 |
|
|
|a Durata 56:55
|
| 500 |
|
|
|a Nahr. 1963
|
| 511 |
0 |
|
|a Elaine Shaffer, flétna; Marilyn Costello, harfa. Philharmonia Orchestra, dir. Yehudi Menuhin, Efrem Kurtz.
|
| 653 |
0 |
|
|a flétnové koncerty
|a harfové koncerty
|
| 700 |
1 |
|
|a Costello, Marilyn,
|d 1920-1992
|7 mzk2009512494
|4 prf
|
| 700 |
1 |
|
|a Kurtz, Efrem,
|d 1900-1995
|7 mzk2009512495
|4 cnd
|
| 700 |
1 |
|
|a Menuhin, Yehudi,
|d 1916-1999
|7 jn19990005610
|4 cnd
|
| 700 |
1 |
|
|a Shaffer, Elaine,
|d 1925-1973
|7 mzk2009512496
|4 prf
|
| 710 |
2 |
|
|a Philharmonia Orchestra (Londýn, Anglie)
|7 ko2004263582
|
| 740 |
0 |
2 |
|a Concerto for flute, harp and orchestra in C major, K. 299
|
| 910 |
|
|
|a BOA001
|b CD-0007.859
|
| 964 |
|
|
|a Harfa a orchestr
|x koncerty
|z stol.18.
|x CD
|
| 964 |
|
|
|a Flétna a orchestr
|x koncerty
|z stol.18.
|x CD
|
| 990 |
|
|
|a AV
|
| 996 |
6 |
|
|b 261H008433
|c CD-0007.859
|l MZK
|r Sklad / do 24 hodin
|n 0
|p dar
|w 000390495
|u 000010
|a 1
|e BOA001
|j MZK50
|s P
|